| 000 | 01083nam a2200265 i 4500 | ||
|---|---|---|---|
| 001 | 94139 | ||
| 003 | ES-MaACL | ||
| 005 | 20230906181417.0 | ||
| 007 | t| | ||
| 008 | 050622s2003 sp ||||1| spa d | ||
| 020 | _a84-7813-266-X | ||
| 080 | _a94(460)"1936/39" | ||
| 100 | 1 |
_aMinev, Stoyán. _981326 |
|
| 245 | 1 | 4 |
_aLas causas de la derrota de la República española : _binforme elaborado por Stoyán Mínev, alias "Stepánov y Moreno", delegado en España de la Komintern durante los años 1937-1939, para el Comité Ejecutivo de la Internacional Comunista. Moscú, (abril) de 1939 / _cedición, traducción directa del original ruso y notas, Ángel Encinas Moral. |
| 260 |
_aMadrid : _bMiraguano, _c[2003] |
||
| 300 |
_a287 p. ; _c24 cm. |
||
| 490 | 1 | _aDebates y propuestas | |
| 504 | _aReferencias bibliográficas. | ||
| 651 | 4 |
_aEspaña- _xHistoria- _y1936-1939, Guerra civil. _98292 |
|
| 700 | 1 |
_aEncinas Moral, Angel Luis. _947185 |
|
| 830 | 1 |
_aDebates y propuestas _9193604 |
|
| 852 | 4 |
_aES-MaACL _jL-29213 |
|
| 852 | 4 |
_aES-MaACL _jL-27712 |
|
| 999 |
_c94139 _d94139 |
||